Parlamenter devlet sistemi ve eğitim (Record no. 5717)

MARC details
000 -BAŞLIK
Sabit Uzunlukta Kontrol Alanı 00616na a2200229 4500
001 - KONTROL NUMARASI
Denetim Alanı 18773
003 - KONTROL NUMARASI IDENTIFIER
Denetim Alanı MIRAKIL
005 - SON İŞLEM TARİHİ VE ZAMANI
Denetim Alanı 20181213155045.0
008 - SABİT-BOY VERİ ELEMANLARI - GENEL BİLGİLER
Sabit Uzunlukta Kontrol Alanı 161126b tu 000 0
040 ## - KATALOGLAMA KAYNAK
Orijinal Kataloglama Ajansı Milas
Kataloglama Dili tur
Metne Dönüştürmek Ajansı TR-AnCHP
041 ## - DİL KODU
Metin / Ses Parça Veya Ayrı Başlığın Dil Kodu tur
082 ## - DEWEY ONLU SINIFLANDIRMA NUMARASI
Sınıflandırma Numarası 370.1
Ürün Numarası E63p 1988
090 ## - SINIFLAMA NUMARASI
Sınıflama Numarası 370.1 E63p 1988
100 ## - ANA GİRİŞ - KİŞİSEL İSİM
Kişisel Ad Erginel, Adnan
245 ## - BAŞLIK TABLOSU
Başlık Parlamenter devlet sistemi ve eğitim
Sorumluluk Tablosu, Vb Adnan Erginel
260 ## - YAYIN, DAĞITIM, VB
Yayın, Dağıtım, Vb Yeri Lefkoşa
Yayıncı, Dağıtıcı, Vs Adı Erginel yayınları
Yayın, Dağıtım, Vb Tarihi 1988
300 ## - FİZİKSEL TANIM
Kapsam 160 s.
Boyutlar 23 sm.
500 ## - GENEL NOT
Genel Not Yapıt yazarından imzalıdır
504 ## - KAYNAKÇA VB NOT
Kaynakça Vb Notu Kaynakça var
650 ## - KONU KATMA GİRİŞ - TOPİKAL DÖNEM
Topikal Süreli Veya Coğrafi Ad Giriş Elemanı Eğitim ve felsefe
942 ## - EKLENDİ GİRİŞ ELEMANLARI (KOHA)
Sınıflandırma Veya Raf Düzeni Kaynak Dewey Decimal Classification
Koha Öğesi Türü Books
999 ## - SİSTEM KONTROL NUMARALARI (KOHA)
Koha Biblionumber 5717
Koha Biblioitemnumber 5717
Holdings
Kalıcı Konum Mevcut Konum Edinme Tarihi Edinim Kaynak Toplam Check-Out'Lar Tam Çağrı Numarası Barkod Tarih Son Görülme İtibaren Geçerli Fiyatlar Koha Öğesi Türü
CHP Kütüphanesi CHP Kütüphanesi 11/26/2016 Bağış   370.1 E63p 1988 009999 11/26/2016 11/26/2016 Books